| 000 | 00689nam a22002297a 4500 | ||
|---|---|---|---|
| 005 | 20170124105932.0 | ||
| 010 | _aA-901635 | ||
| 020 | _c00.00 | ||
| 035 | _aA-901635 | ||
| 037 | _bCen Lib/Ret | ||
| 040 |
_aDPL _bEN |
||
| 082 |
_a330.02462 _bJAI |
||
| 100 |
_aJain, S.K. _98421 |
||
| 245 |
_aApplied economics for engineers and managers / _cby S.K. Jain |
||
| 260 |
_aNew Delhi _bVikash Publication House Pvt. Ltd. _c1997 |
||
| 270 |
_a576 Masjid Road, Jungpura _bNew Delhi _e110014 |
||
| 300 |
_axiii;468p. : _bill. _c22cm(Hb) |
||
| 500 | _aIncludes index. | ||
| 650 |
_aSocial Science _98422 |
||
| 650 |
_aEconomics _98423 |
||
| 942 |
_2ddc _cEN _h330.02462 _mJAI |
||
| 999 |
_c123895 _d123895 |
||